Analýza pracovnej motivácie zamestnancov v podniku bakalárska práca

Na minha lista:
Detalhes bibliográficos
Autor principal: Jakubisová, Nela
Autor Corporativo: Fakulta podnikového manažmentu EU. Katedra manažmentu
Outros Autores: Blštáková, Jana, 1980-
Formato: Livro
Idioma:eslovaco
Publicado em: Bratislava 2011
Tags: Adicionar Tag
Sem tags, seja o primeiro a adicionar uma tag!

MARC

LEADER 00000nbm a2200000 4500
001 0131231
005 20161109111417.0
041 0 |a slo 
044 |a SK 
245 1 0 |a Analýza pracovnej motivácie zamestnancov v podniku  |b bakalárska práca  |c Nela Jakubisová ; školiteľ: Jana Blštáková 
264 1 |a Bratislava  |c 2011 
300 |a 50 s. 
100 1 |a Jakubisová, Nela 
700 1 |a Blštáková, Jana, 1980- 
710 2 |a Fakulta podnikového manažmentu EU. Katedra manažmentu